000 00575nam a22002177a 4500
003 UA-OsUOA
001 98187
007 ta
008 20130410b un ||||| |||| 00| 0 ukr d
100 _aСтаут Р.
090 _a821.311.3
_bР36
942 _cBK
040 _aUA-OsUOA
_brus
_cUA-OsUOA
_dUA-OsUOA
245 _aВместо улики
_bповесть
300 _a270 с.
955 _a3
041 _arus
080 _a821.311.3
260 _aМ.
_bЭкспро Импульс
_c1990
650 7 _a82 Література. Літературознавство
_2UDC
999 _c384569
_d384569